[Event "Monarch Assurance Isle of Man 11th"]
[Site "Port Erin IOM"]
[Date "2002.10.03"]
[Round "6.23"]
[White "Bennion, David A"]
[Black "Cioara, Andrei Nestor"]
[Result "0-1"]
[WhiteElo "2060"]
[BlackElo "2414"]
[PlyCount "22"]
[EventDate "2002.09.28"]
[EventType "swiss"]
[EventRounds "9"]
[EventCountry "IOM"]
[SourceTitle "BritBase"]
[SourceDate "2008.07.14"]
[SourceVersion "1"]
[SourceVersionDate "2008.07.14"]
[SourceQuality "2"]

1. e4 g6 2. d4 Bg7 3. Nc3 c6 4. Nf3 d5 5. e5 h5 6. Bd3 Nh6 7. Qe2 Bf5 8. e6
Bxe6 9. Bxg6 Bg4 10. Bxh6 Rxh6 11. Bd3 Re6 0-1

[Event "Monarch Assurance Isle of Man 11th"]
[Site "Port Erin IOM"]
[Date "2002.10.03"]
[Round "6.24"]
[White "Cooper, Lawrence"]
[Black "Vuilleumier, Alex"]
[Result "1/2-1/2"]
[WhiteElo "2349"]
[BlackElo "2169"]
[PlyCount "130"]
[EventDate "2002.09.28"]
[EventType "swiss"]
[EventRounds "9"]
[EventCountry "IOM"]
[SourceTitle "BritBase"]
[SourceDate "2008.07.14"]
[SourceVersion "1"]
[SourceVersionDate "2008.07.14"]
[SourceQuality "2"]

1. e4 c5 2. Nf3 d6 3. d4 cxd4 4. Nxd4 Nf6 5. Nc3 Nc6 6. Bc4 e6 7. O-O a6 8. a4
Be7 9. Nb3 b6 10. f4 O-O 11. Qf3 Qc7 12. Be3 Rb8 13. Rae1 Na5 14. Bd3 Nc4 15.
Bc1 b5 16. axb5 axb5 17. Qe2 b4 18. Nd1 Na5 19. Nxa5 Qxa5 20. e5 Nd7 21. Ne3
dxe5 22. Nc4 Qa7+ 23. Be3 Bc5 24. fxe5 Bxe3+ 25. Qxe3 Qxe3+ 26. Rxe3 Ba6 27.
Nd6 Bxd3 28. cxd3 Ra8 29. d4 Nb6 30. Ref3 Ra7 31. Rc1 {(=)} Nd5 32. Rf2 h6 33.
Ne4 Rfa8 34. Nc5 Ra1 35. Rff1 Rxc1 36. Rxc1 Nf4 37. Kf1 Ra2 38. g3 Nd5 39. Nd3
Kh7 40. Ke2 Kg6 41. Kd2 b3 42. Rc8 Ra4 43. Rb8 Rxd4 44. Rxb3 Kf5 45. Ke2 Ke4
46. Nc5+ Kxe5 47. Rb7 Rc4 48. b4 Rc2+ 49. Kd1 Rxh2 50. Rxf7 g5 51. Nd3+ Kd4 52.
Ne1 Nc3+ 53. Kc1 Rh1 54. Kd2 Ne4+ 55. Kd1 e5 56. g4 Rg1 57. b5 Rxg4 58. b6 Nd6
59. b7 Nxb7 60. Rxb7 e4 61. Ke2 h5 62. Nc2+ Ke5 63. Rb5+ Kf6 64. Rb6+ Ke5 65.
Rb5+ Kf6 1/2-1/2

[Event "Monarch Assurance Isle of Man 11th"]
[Site "Port Erin IOM"]
[Date "2002.10.03"]
[Round "6.26"]
[White "Waugh, Jonathon C"]
[Black "Van Kemenade, Rudy"]
[Result "0-1"]
[WhiteElo "1930"]
[BlackElo "2141"]
[PlyCount "26"]
[EventDate "2002.09.28"]
[EventType "swiss"]
[EventRounds "9"]
[EventCountry "IOM"]
[SourceTitle "BritBase"]
[SourceDate "2008.07.14"]
[SourceVersion "1"]
[SourceVersionDate "2008.07.14"]
[SourceQuality "2"]

1. e4 e5 2. Nf3 Nf6 3. Nxe5 d6 4. Nf3 Nxe4 5. d4 d5 6. Bd3 Nc6 7. O-O Bg4 8. c3
Be7 9. Re1 f5 10. Nbd2 O-O 11. Qc2 Bd6 12. a3 Qf6 13. c4 Nxd2 0-1

[Event "Monarch Assurance Isle of Man 11th"]
[Site "Port Erin IOM"]
[Date "2002.10.03"]
[Round "6.27"]
[White "Ellison, D George"]
[Black "Ormsby, Alan"]
[Result "1-0"]
[WhiteElo "2116"]
[BlackElo "2069"]
[PlyCount "79"]
[EventDate "2002.09.28"]
[EventType "swiss"]
[EventRounds "9"]
[EventCountry "IOM"]
[SourceTitle "BritBase"]
[SourceDate "2008.07.14"]
[SourceVersion "1"]
[SourceVersionDate "2008.07.14"]
[SourceQuality "2"]

1. f4 Nf6 2. Nf3 d5 3. e3 Bf5 4. d3 e6 5. Be2 c5 6. O-O Nc6 7. Nh4 Bg6 8. g4
Nd7 9. Nxg6 hxg6 10. Qe1 Bd6 11. Nd2 Qc7 12. Rf2 O-O-O 13. Nf1 Rh7 14. e4 Rdh8
15. e5 {(=)} Ndxe5 16. fxe5 Bxe5 17. c3 Bxh2+ 18. Kg2 Bd6 19. Rf3 Rh1 20. Qd2
Ne5 21. Re3 g5 22. d4 Ng6 23. Kf2 Bf4 24. dxc5 R8h2+ 25. Nxh2 Rxh2+ 26. Ke1
Rh1+ 27. Bf1 Bxe3 28. Qxe3 Nf4 29. Qf3 Qe5+ 30. Be3 Nd3+ 31. Kd2 Rh2+ 32. Kxd3
Rxb2 33. Bd4 Qh2 34. Qd1 e5 35. Be3 e4+ 36. Kd4 f6 37. Kxd5 Qe5+ 38. Kc4 b6 39.
cxb6 Qe6+ 40. Qd5 {(a few more moves were played in the time scramble but not
recorded) score corrected on 03.10.2002 at 22:37 (15...Ndxe5 not 15...Ncxd5)}
1-0

[Event "Monarch Assurance Isle of Man 11th"]
[Site "Port Erin IOM"]
[Date "2002.10.03"]
[Round "6.28"]
[White "Shepherd, Michael"]
[Black "Lutton, E Josiah"]
[Result "1/2-1/2"]
[WhiteElo "2071"]
[BlackElo "2045"]
[PlyCount "49"]
[EventDate "2002.09.28"]
[EventType "swiss"]
[EventRounds "9"]
[EventCountry "IOM"]
[SourceTitle "BritBase"]
[SourceDate "2008.07.14"]
[SourceVersion "1"]
[SourceVersionDate "2008.07.14"]
[SourceQuality "2"]

1. d4 e6 2. c4 Nf6 3. Nc3 Bb4 4. Qc2 b6 5. e4 c5 6. d5 O-O 7. Bd3 exd5 8. cxd5
Re8 9. Nge2 c4 10. Bxc4 Nxe4 11. O-O Nxc3 12. bxc3 Qc7 13. Bd3 Bd6 14. Bb2 Bb7
15. Ng3 Bxd5 16. c4 Bb7 17. Bxh7+ Kh8 18. Qf5 Qc6 19. Bxg7+ Kxg7 20. Nh5+ Kf8
21. Qg5 Be5 22. Rae1 d6 23. Qh6+ Ke7 24. Qf6+ Kf8 25. Qh6+ 1/2-1/2

[Event "Monarch Assurance Isle of Man 11th"]
[Site "Port Erin IOM"]
[Date "2002.10.03"]
[Round "6.29"]
[White "Cross, Glenn"]
[Black "Purton, Ben"]
[Result "1/2-1/2"]
[WhiteElo "1992"]
[BlackElo "2067"]
[PlyCount "52"]
[EventDate "2002.09.28"]
[EventType "swiss"]
[EventRounds "9"]
[EventCountry "IOM"]
[SourceTitle "BritBase"]
[SourceDate "2008.07.14"]
[SourceVersion "1"]
[SourceVersionDate "2008.07.14"]
[SourceQuality "2"]

1. d4 f5 2. g3 Nf6 3. Bg2 g6 4. c4 Bg7 5. Nc3 d6 6. e3 O-O 7. Nge2 c6 8. O-O e5
9. Qc2 Qe7 10. Rd1 Nh5 11. b3 Bd7 12. Ba3 e4 13. d5 c5 14. Bb2 Be8 15. Nf4 Nxf4
16. exf4 Na6 17. a3 Bd7 18. Re1 Qf7 19. Re2 Rfe8 20. Rae1 b5 21. Nb1 bxc4 22.
bxc4 Bxb2 23. Qxb2 Rab8 24. Qc3 Qg7 25. Qxg7+ Kxg7 26. f3 exf3 1/2-1/2

[Event "Monarch Assurance Isle of Man 11th"]
[Site "Port Erin IOM"]
[Date "2002.10.03"]
[Round "6.30"]
[White "Goodger, Martyn"]
[Black "Hanley, James"]
[Result "1-0"]
[WhiteElo "2133"]
[BlackElo "1990"]
[PlyCount "69"]
[EventDate "2002.09.28"]
[EventType "swiss"]
[EventRounds "9"]
[EventCountry "IOM"]
[SourceTitle "BritBase"]
[SourceDate "2008.07.14"]
[SourceVersion "1"]
[SourceVersionDate "2008.07.14"]
[SourceQuality "2"]

1. e4 c5 2. c3 d5 3. exd5 Qxd5 4. d4 Nc6 5. Nf3 Bg4 6. Be2 cxd4 7. cxd4 e6 8.
Nc3 Qd7 9. Be3 Nf6 10. h3 Bh5 11. O-O Be7 12. Qd2 Nd5 13. Ne5 Nxe5 14. dxe5
Bxe2 15. Nxe2 Nxe3 16. Qxe3 O-O 17. Rfd1 Qb5 18. Nc3 Qa6 19. Rd7 Bb4 20. Ne4
Rad8 21. Nf6+ Kh8 22. Qe4 gxf6 23. Qxb4 Rb8 24. Qe7 f5 25. Qf6+ Kg8 26. Qg5+
Kh8 27. Qf6+ Kg8 28. Rad1 Qxa2 29. Qg5+ Kh8 30. Qf6+ Kg8 31. R1d3 f4 32. Qg5+
Kh8 33. Qf6+ Kg8 34. Qxf4 f6 35. Qg4+ 1-0

[Event "Monarch Assurance Isle of Man 11th"]
[Site "Port Erin IOM"]
[Date "2002.10.03"]
[Round "6.31"]
[White "Harborne, Matthew"]
[Black "Kelly, David"]
[Result "1/2-1/2"]
[WhiteElo "2075"]
[BlackElo "1860"]
[PlyCount "80"]
[EventDate "2002.09.28"]
[EventType "swiss"]
[EventRounds "9"]
[EventCountry "IOM"]
[SourceTitle "BritBase"]
[SourceDate "2008.07.14"]
[SourceVersion "1"]
[SourceVersionDate "2008.07.14"]
[SourceQuality "2"]

1. e4 e6 2. d4 d5 3. Nd2 c5 4. exd5 Qxd5 5. Ngf3 cxd4 6. Bc4 Qd6 7. O-O Nf6 8.
Nb3 Nc6 9. Nbxd4 Nxd4 10. Nxd4 a6 11. c3 Qc7 12. Bb3 Bd6 13. h3 O-O 14. Bg5 b6
15. Bc2 Bb7 16. Re1 Qc5 17. Bh4 g5 18. Bg3 Bxg3 19. fxg3 e5 20. Rf1 exd4 21.
Rf5 Qc6 22. Qf1 Ne8 23. Re1 Ng7 24. Rf6 Qxg2+ 25. Qxg2 Bxg2 26. Kxg2 dxc3 27.
bxc3 Rac8 28. Rxb6 Rxc3 29. Bb3 Rd8 30. Re2 Nh5 31. Rf2 Rd7 32. Rxa6 Kg7 33.
Ra5 f6 34. Ra8 Rxg3+ 35. Kh2 Rdd3 36. Ra7+ Kf8 37. Be6 Nf4 38. Bf5 Ra3 39. Rxh7
Rge3 40. Bg4 Re7 1/2-1/2

[Event "Monarch Assurance Isle of Man 11th"]
[Site "Port Erin IOM"]
[Date "2002.10.03"]
[Round "6.32"]
[White "Cheshire, Paul"]
[Black "Spanton, Tim"]
[Result "0-1"]
[WhiteElo "1775"]
[BlackElo "2008"]
[PlyCount "90"]
[EventDate "2002.09.28"]
[EventType "swiss"]
[EventRounds "9"]
[EventCountry "IOM"]
[SourceTitle "BritBase"]
[SourceDate "2008.07.14"]
[SourceVersion "1"]
[SourceVersionDate "2008.07.14"]
[SourceQuality "2"]

1. c4 c5 2. Nc3 Nc6 3. Nf3 g6 4. g3 Bg7 5. Bg2 e5 6. d3 Nge7 7. a3 O-O 8. O-O
f5 9. Rb1 a5 10. Bd2 d6 11. Qc1 Nd4 12. Nxd4 exd4 13. Nd5 Nxd5 14. Bxd5+ Kh8
15. Bh6 Qe7 16. Bxg7+ Kxg7 17. Qd2 f4 18. b4 fxg3 19. fxg3 Bh3 20. Rf4 Rxf4 21.
Qxf4 axb4 22. axb4 Rf8 23. Qe4 Qf6 24. Qf4 Qxf4 25. gxf4 Rxf4 26. bxc5 {(=)}
dxc5 27. Rxb7+ Kf6 28. Rf7+ Ke5 29. Rxf4 Kxf4 30. Kf2 {(=)} h6 31. Be4 g5 32.
Bd5 h5 33. Be4 h4 34. Bd5 g4 35. Be4 g3+ 36. hxg3+ hxg3+ 37. Kg1 Ke3 38. Bf3
Kd2 39. Bh5 Ke1 40. Bf3 Bf1 41. Be4 Kxe2 42. Bf5 g2 43. Be4 Ke3 44. Bd5 Kxd3
45. Bb7 Kxc4 0-1

[Event "Monarch Assurance Isle of Man 11th"]
[Site "Port Erin IOM"]
[Date "2002.10.04"]
[Round "7.4"]
[White "Goloshchapov, Alexander"]
[Black "Fridman, Daniel"]
[Result "1/2-1/2"]
[WhiteElo "2544"]
[BlackElo "2577"]
[PlyCount "35"]
[EventDate "2002.09.28"]
[EventType "swiss"]
[EventRounds "9"]
[EventCountry "IOM"]
[SourceTitle "BritBase"]
[SourceDate "2008.07.14"]
[SourceVersion "1"]
[SourceVersionDate "2008.07.14"]
[SourceQuality "2"]

1. e4 c6 2. d4 d5 3. Nd2 dxe4 4. Nxe4 Bf5 5. Ng3 Bg6 6. h4 h6 7. Nf3 Nd7 8. h5
Bh7 9. Bd3 Bxd3 10. Qxd3 e6 11. Bd2 Ngf6 12. O-O-O Be7 13. Qe2 O-O 14. Ne5 c5
15. Nxd7 Qxd7 16. dxc5 Qd5 17. Kb1 Qxc5 18. Bc3 1/2-1/2

[Event "Monarch Assurance Isle of Man 11th"]
[Site "Port Erin IOM"]
[Date "2002.10.04"]
[Round "7.6"]
[White "Kogan, Artur"]
[Black "Stocek, Jiri"]
[Result "0-1"]
[WhiteElo "2530"]
[BlackElo "2555"]
[PlyCount "160"]
[EventDate "2002.09.28"]
[EventType "swiss"]
[EventRounds "9"]
[EventCountry "IOM"]
[SourceTitle "BritBase"]
[SourceDate "2008.07.14"]
[SourceVersion "1"]
[SourceVersionDate "2008.07.14"]
[SourceQuality "2"]

1. d4 Nf6 2. c4 e6 3. Nf3 b6 4. Nc3 Bb7 5. Bf4 Bb4 6. Qb3 a5 7. e3 O-O 8. Be2
Ne4 9. Ne5 c5 10. f3 cxd4 11. exd4 Nf6 12. a3 Be7 13. O-O d6 14. Nd3 Nbd7 15.
Rac1 Rc8 16. Rfd1 Qc7 17. Nb5 Qb8 18. Qa2 e5 19. Bg5 h6 20. Bh4 a4 21. Nb4 Rfe8
22. Bf2 exd4 23. Nxd4 Bf8 24. Bd3 Qa8 25. Bf5 g6 26. Bh3 Rcd8 27. Nb5 Qb8 28.
b3 axb3 29. Qxb3 Nc5 30. Qc3 Nh5 31. g3 Bg7 32. Bd4 Be5 33. Bg2 Nf6 34. Rc2 Ne6
35. f4 Ne4 36. Qb3 Bxd4+ 37. Nxd4 Nxd4 38. Rxd4 Qc7 39. Nd5 Bxd5 40. cxd5 Nc5
41. Qc3 Qe7 42. Bf1 {(=)} Qd7 43. Qb4 Re3 44. Qxb6 Rxa3 45. Rd1 Rb3 46. Qa5 Re8
47. Re1 Rxe1 48. Qxe1 Qa4 49. Rc4 Qa7 50. Qf2 Qa3 51. Rc2 Qa1 52. Ra2 Qf6 53.
Ra8+ Kg7 54. Re8 Rb4 55. h3 h5 56. h4 Rb2 57. Qe3 Rb3 58. Qf2 Qc3 59. Kh2 Rb2
60. Re2 Ne4 61. Qg2 Rxe2 62. Bxe2 f5 63. Bf3 Nd2 64. Bd1 Qd3 65. Be2 Qe3 66.
Kh3 Ne4 67. Bb5 Qb3 68. Bc6 Kh7 69. Kh2 Qd3 70. Kh3 Qd1 71. Kh2 Qd3 72. Kh3 Qe3
73. Bb5 Qd4 74. Bc6 Nf2+ 75. Kh2 Ng4+ 76. Kh1 Qd3 77. Ba8 Ne3 78. Qf3 Qb1+ 79.
Kh2 Ng4+ 80. Kh3 Qg1 0-1

[Event "Monarch Assurance Isle of Man 11th"]
[Site "Port Erin IOM"]
[Date "2002.10.04"]
[Round "7.7"]
[White "Ulibin, Mikhail"]
[Black "Welling, Gerard"]
[Result "0-1"]
[WhiteElo "2589"]
[BlackElo "2393"]
[PlyCount "86"]
[EventDate "2002.09.28"]
[EventType "swiss"]
[EventRounds "9"]
[EventCountry "IOM"]
[SourceTitle "BritBase"]
[SourceDate "2008.07.14"]
[SourceVersion "1"]
[SourceVersionDate "2008.07.14"]
[SourceQuality "2"]

1. d4 d5 2. c4 c6 3. Nf3 Nf6 4. Nc3 dxc4 5. a4 a5 6. e3 Bg4 7. Bxc4 e6 8. h3
Bh5 9. g4 Bg6 10. h4 Bb4 11. h5 Be4 12. g5 Nd5 13. Bd2 Nxc3 14. bxc3 Be7 15.
Rg1 Nd7 16. g6 hxg6 17. hxg6 Bxg6 18. Bxe6 Be4 19. Bc4 Bf6 20. Bc1 Nb6 21. Nd2
Bg6 22. Ba3 Be7 23. Qb3 Bxa3 24. Qxa3 Qc7 25. Be2 Nd5 26. Nc4 O-O-O 27. O-O-O
Rh2 28. Rd2 Kb8 29. Bf3 Nf6 30. Ne5 Be4 31. Rxg7 Bxf3 32. Nxf3 Rh1+ 33. Rd1
Rxd1+ 34. Kxd1 Ne4 35. Qb3 Rd5 36. Ke2 Rf5 37. Rg2 Rxf3 38. Qc2 Rxf2+ 39. Rxf2
Nxf2 40. Qf5 Nh1 41. Qh7 Ng3+ 42. Kd3 Ka7 43. Qh3 f5 0-1

[Event "Monarch Assurance Isle of Man 11th"]
[Site "Port Erin IOM"]
[Date "2002.10.04"]
[Round "7.8"]
[White "Lalic, Bogdan"]
[Black "Pert, Richard"]
[Result "1/2-1/2"]
[WhiteElo "2540"]
[BlackElo "2357"]
[PlyCount "39"]
[EventDate "2002.09.28"]
[EventType "swiss"]
[EventRounds "9"]
[EventCountry "IOM"]
[SourceTitle "BritBase"]
[SourceDate "2008.07.14"]
[SourceVersion "1"]
[SourceVersionDate "2008.07.14"]
[SourceQuality "2"]

1. d4 f5 2. c4 e6 3. Nc3 Nf6 4. Nf3 Bb4 5. Qb3 Qe7 6. Bg5 O-O 7. g3 b6 8. Bg2
Bb7 9. O-O Bxc3 10. Qxc3 d6 11. d5 e5 12. e4 fxe4 13. Nd2 h6 14. Be3 Bc8 15.
Nxe4 Nxe4 16. Bxe4 Bh3 17. Bg2 Bxg2 18. Kxg2 Nd7 19. Rae1 Rf6 20. f4 1/2-1/2

[Event "Monarch Assurance Isle of Man 11th"]
[Site "Port Erin IOM"]
[Date "2002.10.04"]
[Round "7.9"]
[White "Gladyszev, Oleg"]
[Black "Hebden, Mark"]
[Result "0-1"]
[WhiteElo "2388"]
[BlackElo "2534"]
[PlyCount "86"]
[EventDate "2002.09.28"]
[EventType "swiss"]
[EventRounds "9"]
[EventCountry "IOM"]
[SourceTitle "BritBase"]
[SourceDate "2008.07.14"]
[SourceVersion "1"]
[SourceVersionDate "2008.07.14"]
[SourceQuality "2"]

1. d4 Nf6 2. c4 g6 3. Nc3 Bg7 4. Nf3 O-O 5. g3 d6 6. Bg2 Nc6 7. O-O Rb8 8. Re1
e5 9. d5 Ne7 10. e4 Ne8 11. b4 f5 12. c5 h6 13. Nd2 f4 14. Ba3 g5 15. Rc1 Ng6
16. b5 Rf7 17. b6 cxb6 18. cxd6 a6 19. Bf3 Nxd6 20. Bh5 Kh7 21. Bxd6 Qxd6 22.
Nc4 Qf6 23. a4 fxg3 24. fxg3 Bh3 25. Qd2 Bf8 26. d6 Rd8 27. Nd5 Qe6 28. Bxg6+
Kxg6 29. Qb2 Bxd6 30. Qxb6 Rdd7 31. Nxd6 Rxd6 32. Qb2 Rd8 33. Nc7 Qd6 34. Nd5
Rdf8 35. Ne3 Qd4 36. Qxd4 exd4 37. Nf5 Bxf5 38. exf5+ Rxf5 39. Rc7 R8f7 40.
Re6+ R5f6 41. Ree7 d3 42. Rcd7 Rxe7 43. Rxe7 Rd6 0-1

[Event "Monarch Assurance Isle of Man 11th"]
[Site "Port Erin IOM"]
[Date "2002.10.04"]
[Round "7.10"]
[White "Brady, Stephen"]
[Black "Miezis, Normunds"]
[Result "0-1"]
[WhiteElo "2353"]
[BlackElo "2510"]
[PlyCount "56"]
[EventDate "2002.09.28"]
[EventType "swiss"]
[EventRounds "9"]
[EventCountry "IOM"]
[SourceTitle "BritBase"]
[SourceDate "2008.07.14"]
[SourceVersion "1"]
[SourceVersionDate "2008.07.14"]
[SourceQuality "2"]

1. e4 c5 2. Nf3 e6 3. d4 cxd4 4. Nxd4 a6 5. Bd3 Nc6 6. Nxc6 bxc6 7. O-O d5 8.
c4 Nf6 9. Nc3 Be7 10. cxd5 cxd5 11. exd5 exd5 12. Qa4+ Bd7 13. Qd4 Be6 14. Bf4
O-O 15. Rac1 Ng4 16. h3 Nf6 17. Na4 Bd6 18. Bg5 h6 19. Bxf6 Qxf6 20. Qxf6 gxf6
21. f4 d4 22. b3 a5 23. Be4 Rad8 24. Nc5 Bc8 25. Bd3 f5 26. Bb5 h5 27. h4 Be7
28. g3 Rd5 0-1

[Event "Monarch Assurance Isle of Man 11th"]
[Site "Port Erin IOM"]
[Date "2002.10.04"]
[Round "7.11"]
[White "Ward, Chris"]
[Black "Collins, Sam IRL"]
[Result "1/2-1/2"]
[WhiteElo "2498"]
[BlackElo "2313"]
[PlyCount "116"]
[EventDate "2002.09.28"]
[EventType "swiss"]
[EventRounds "9"]
[EventCountry "IOM"]
[SourceTitle "BritBase"]
[SourceDate "2008.07.14"]
[SourceVersion "1"]
[SourceVersionDate "2008.07.14"]
[SourceQuality "2"]

1. c4 Nf6 2. Nc3 e5 3. g3 d5 4. cxd5 Nxd5 5. Bg2 Nb6 6. Nf3 Nc6 7. O-O Be7 8.
a3 O-O 9. b4 Be6 10. d3 Re8 11. Be3 Bf8 12. Ng5 Bf5 13. Qb3 Qd7 14. Rac1 h6 15.
Bxc6 bxc6 16. Nge4 Bh3 17. Rfe1 Be6 18. Qc2 f5 19. Nc5 Bxc5 20. Bxc5 Qf7 21. f3
h5 22. Bf2 Rad8 23. b5 Bd7 24. a4 Re6 25. Qb3 h4 26. a5 Nc8 27. Na4 hxg3 28.
hxg3 cxb5 29. Nc5 Rh6 30. Qxf7+ Kxf7 31. Nxd7 Rxd7 32. Rc5 a6 33. Rxe5 Ne7 34.
Rc1 Re6 35. Rxe6 Kxe6 36. Kf1 Nd5 37. Ke1 g5 38. Kd2 f4 39. Rh1 Nf6 40. Rh8 Rd6
41. g4 Rd5 42. Ra8 Rd6 43. e4 fxe3+ 44. Bxe3 Nd5 45. Bxg5 Nb4 46. Rd8 Nc6 47.
Rxd6+ cxd6 48. f4 Nxa5 49. f5+ Kf7 50. Bf4 d5 51. g5 Nc6 52. Bd6 Ne7 53. g6+
Kf6 54. Bxe7+ Kxe7 55. Kc3 a5 56. g7 Kf7 57. f6 b4+ 58. Kb3 Kg8 1/2-1/2

[Event "Monarch Assurance Isle of Man 11th"]
[Site "Port Erin IOM"]
[Date "2002.10.04"]
[Round "7.13"]
[White "Orr, Mark JL"]
[Black "Grunberg, Mihai"]
[Result "1/2-1/2"]
[WhiteElo "2332"]
[BlackElo "2445"]
[PlyCount "77"]
[EventDate "2002.09.28"]
[EventType "swiss"]
[EventRounds "9"]
[EventCountry "IOM"]
[SourceTitle "BritBase"]
[SourceDate "2008.07.14"]
[SourceVersion "1"]
[SourceVersionDate "2008.07.14"]
[SourceQuality "2"]

1. d4 f5 2. Nf3 Nf6 3. g3 g6 4. Bg2 Bg7 5. c4 O-O 6. O-O c6 7. Nc3 d6 8. d5 Bd7
9. Rb1 Na6 10. b3 Nc7 11. Bb2 Qe8 12. e4 fxe4 13. Ng5 cxd5 14. cxd5 Bg4 15. Qd2
Qd7 16. Ncxe4 Ncxd5 17. Nxh7 Kxh7 18. Ng5+ Kh8 19. Bxd5 Nxd5 20. Qxd5 Qf5 21.
Bxg7+ Kxg7 22. Qd2 Rac8 23. Rbc1 Be2 24. Qxe2 Qxg5 25. Rc4 d5 26. Rg4 Qf6 27.
h4 e5 28. h5 g5 29. f4 exf4 30. gxf4 Qd4+ 31. Qf2 Qxf2+ 32. Rxf2 Kh6 33. Rxg5
Rxf4 34. Rxf4 Kxg5 35. Rf7 d4 36. Kf1 d3 37. Ke1 Rc2 38. Rxb7 Rxa2 39. Rd7
1/2-1/2

[Event "Monarch Assurance Isle of Man 11th"]
[Site "Port Erin IOM"]
[Date "2002.10.04"]
[Round "7.14"]
[White "Palus, Ryszard"]
[Black "Ledger, Andrew J"]
[Result "0-1"]
[WhiteElo "2232"]
[BlackElo "2408"]
[PlyCount "94"]
[EventDate "2002.09.28"]
[EventType "swiss"]
[EventRounds "9"]
[EventCountry "IOM"]
[SourceTitle "BritBase"]
[SourceDate "2008.07.14"]
[SourceVersion "1"]
[SourceVersionDate "2008.07.14"]
[SourceQuality "2"]

1. d4 d5 2. c4 c6 3. Nc3 dxc4 4. e4 b5 5. a4 b4 6. Na2 Nf6 7. e5 Nd5 8. Bxc4
Bf5 9. Ne2 e6 10. Ng3 Bg6 11. h4 h6 12. h5 Bh7 13. Qg4 Nd7 14. O-O Qb6 15. Bd2
a5 16. Nc1 g5 17. Nb3 Be7 18. Rac1 O-O 19. Rfe1 Kh8 20. Qf3 Rae8 21. Ne4 f5 22.
Nd6 Bxd6 23. exd6 N7f6 24. Nc5 Bg8 25. Qe2 Kh7 26. d7 Re7 27. Bxd5 cxd5 28. Qe5
Nxd7 29. Nxd7 Rxd7 30. Rc5 f4 31. Rec1 Rf5 32. Qe2 f3 33. Qb5 Qxb5 34. Rxb5
fxg2 35. Rxa5 Bf7 36. Rac5 Bxh5 37. Rc7 Rxc7 38. Rxc7+ Kg6 39. Kxg2 Bf3+ 40.
Kg3 h5 41. a5 h4+ 42. Kh3 g4+ 43. Kh2 Be4 44. Be3 Rf3 45. Kg1 Rh3 46. Kf1 Rh1+
47. Ke2 h3 0-1

[Event "Monarch Assurance Isle of Man 11th"]
[Site "Port Erin IOM"]
[Date "2002.10.04"]
[Round "7.15"]
[White "Ansell, Simon"]
[Black "Lutton, J Ezra"]
[Result "1-0"]
[WhiteElo "2399"]
[BlackElo "2113"]
[PlyCount "95"]
[EventDate "2002.09.28"]
[EventType "swiss"]
[EventRounds "9"]
[EventCountry "IOM"]
[SourceTitle "BritBase"]
[SourceDate "2008.07.14"]
[SourceVersion "1"]
[SourceVersionDate "2008.07.14"]
[SourceQuality "2"]

1. e4 Nc6 2. d4 d5 3. Nc3 Nf6 4. e5 Nd7 5. Nge2 Nb6 6. Nf4 g5 7. Nh5 Bf5 8. Ng3
Qd7 9. Nxf5 Qxf5 10. Bd3 Qd7 11. Be2 h6 12. h4 gxh4 13. Rxh4 O-O-O 14. Rf4 e6
15. Bh5 Rh7 16. a3 Qe8 17. Ne2 Be7 18. Qd3 Qg8 19. Rg4 Rg7 20. Rxg7 Qxg7 21. g3
Nc4 22. f4 f5 23. b3 Nb6 24. Bb2 Rg8 25. Kf2 Qf8 26. Rh1 Rh8 27. a4 Nb4 28. Qd2
c5 29. dxc5 Bxc5+ 30. Kg2 Nc6 31. a5 Nd7 32. a6 b6 33. c4 dxc4 34. Bf3 Ndb8 35.
Qc2 cxb3 36. Qxb3 Qe7 37. Qa4 Qd7 38. Rd1 Qe8 39. Ba3 Na5 40. Qc2 Nxa6 41. Qd3
Nc7 42. Bxc5 bxc5 43. Ra1 c4 {(=)} 44. Qc3 Nc6 45. Qxc4 Nd5 46. Qa6+ Kd8 47.
Rc1 Ncb4 48. Rc8+ 1-0

[Event "Monarch Assurance Isle of Man 11th"]
[Site "Port Erin IOM"]
[Date "2002.10.04"]
[Round "7.16"]
[White "Rotstein, Arkadij"]
[Black "Burrows, Martin"]
[Result "1-0"]
[WhiteElo "2557"]
[BlackElo "2196"]
[PlyCount "151"]
[EventDate "2002.09.28"]
[EventType "swiss"]
[EventRounds "9"]
[EventCountry "IOM"]
[SourceTitle "BritBase"]
[SourceDate "2008.07.14"]
[SourceVersion "1"]
[SourceVersionDate "2008.07.14"]
[SourceQuality "2"]

1. e4 c5 2. Nf3 d6 3. d4 cxd4 4. Nxd4 Nf6 5. Nc3 a6 6. Be3 e5 7. Nb3 Be6 8. Be2
Be7 9. O-O O-O 10. f3 Nbd7 11. Nd5 Nxd5 12. exd5 Bf5 13. Kh1 Bg6 14. c4 b6 15.
Bg1 f5 16. f4 Bf6 17. Rc1 Kh8 18. Qc2 Qe8 19. Rce1 Qf7 20. Bd3 e4 21. Be2 Nc5
22. Nd4 a5 23. Qd1 Rae8 24. Be3 Qd7 25. b3 Bf7 26. g3 g6 27. h3 Bg8 28. Kh2 Ra8
29. Nb5 Rfd8 30. g4 Bf7 31. Bd4 Qe7 32. gxf5 gxf5 33. Qa1 Nd7 34. Bxf6+ Nxf6
35. Nd4 Bg6 36. Rg1 Rg8 37. Rg5 h6 38. Rg3 Kh7 39. Reg1 Raf8 40. Ne6 Rb8 41. h4
h5 42. Rg5 Kh6 43. Nd4 Ng4+ 44. Bxg4 hxg4 45. Kg3 Rbf8 46. Re1 Bh7 47. Qc3 Bg6
48. Nc2 Ra8 49. Ne3 Rgf8 50. Qd4 Rab8 51. a3 Qf6 52. Qxf6 Rxf6 53. Rc1 Ra8 54.
Kf2 Rf7 55. Ke2 Raa7 56. Kd2 Ra8 57. Kc3 Rh8 58. Rh1 Ra8 59. Kd4 Rf6 60. Rb1
Rf7 61. a4 Rf6 62. b4 axb4 63. Rxb4 Ra6 64. Kc3 Rf8 65. Kb3 Rf7 66. Rb5 Rf8 67.
a5 bxa5 68. Rb7 Raa8 69. h5 Bxh5 70. Nxf5+ Rxf5 71. Rxf5 Rg8 72. Rf6+ Rg6 73.
Rf8 Rg7 74. Rh8+ Kg6 75. Rxg7+ Kxg7 76. Rxh5 1-0

[Event "Monarch Assurance Isle of Man 11th"]
[Site "Port Erin IOM"]
[Date "2002.10.04"]
[Round "7.17"]
[White "Hinks-Edwards, Thomas"]
[Black "Peralta, Fernando"]
[Result "0-1"]
[WhiteElo "2363"]
[BlackElo "2499"]
[PlyCount "72"]
[EventDate "2002.09.28"]
[EventType "swiss"]
[EventRounds "9"]
[EventCountry "IOM"]
[SourceTitle "BritBase"]
[SourceDate "2008.07.14"]
[SourceVersion "1"]
[SourceVersionDate "2008.07.14"]
[SourceQuality "2"]

1. e4 d6 2. d4 Nf6 3. Bd3 e5 4. c3 d5 5. dxe5 Nxe4 6. Nf3 Nc6 7. Nbd2 Nc5 8.
Bc2 Bg4 9. O-O Be7 10. h3 Bh5 11. b4 Ne6 12. Re1 d4 13. b5 dxc3 14. bxc6 cxd2
15. Bxd2 b6 16. Bc3 O-O 17. Qe2 Qd5 18. Be4 Qc5 19. Rac1 Rfd8 20. Ba1 Qa3 21.
Rcd1 Bg6 22. Bxg6 hxg6 23. Nd4 Qa4 24. Nxe6 fxe6 25. Rc1 Bc5 26. Qc4 Qxc4 27.
Rxc4 Rd2 28. Kh1 Rad8 29. Bc3 Rc2 30. Rxc5 bxc5 31. Ba5 Rxa2 32. Bxc7 Rc8 33.
Bd6 Rxc6 34. Re3 c4 35. Rc3 Rxf2 36. Kg1 Rb2 0-1